000 00650nam a2200253Ia 4500
003 OSt
005 20221005133225.0
006 a|||||r|||| 00| 0
007 ta
008 221004b |||||||| |||| 00| 0 sat d
024 _a47475
037 _cTextual
040 _aCRL
_cCRL
_bsat
041 _2sat
_asat
082 _aO15,1A2xM79, 31K4
100 _aRajagopalacharya Au.
_9642279
245 0 _aVyasar virundhu
260 _c1964
300 _a334p.
_ccm.
650 _a SANSKRIT LITERATURE
650 _aMAHABHARATA
942 _hO15,1A2xM79, 31K4
_cTEXL
_2cc
999 _c1066180
_d1066180